Normal view
MARC view
Entry Personal Name
001 - CONTROL NUMBER
- control field: 16438
003 - CONTROL NUMBER IDENTIFIER
- control field: BD-RjUL
005 - DATE AND TIME OF LATEST TRANSACTION
- control field: 20250803185415.0
008 - FIXED-LENGTH DATA ELEMENTS
- fixed length control field: 250803|| aca||aabn | a|a d
040 ## - CATALOGING SOURCE
- Original cataloging agency: BD-RjUL
- Transcribing agency: BD-RjUL
100 ## - HEADING--PERSONAL NAME
- Personal name: Monira, Umama
670 ## - SOURCE DATA FOUND
- Source citation: Work cat.: (BD-RjUL)85424: Monira, Umama, Assessment of central effluent treatment plant (Cetp) performance and surface water quality in effluent discharged area at savar tannery estate in Bangladesh /, 2024